| Tag |
First Indicator |
Second Indicator |
Subfields |
| LEADER |
00000cam a22000004a 4500 |
| 001 |
in00002000798 |
| 005 |
20151031123721.0 |
| 008 |
040423s2004 ilua s 000 0 eng |
| 010 |
|
|
|a 2004009450
|
| 020 |
|
|
|a 025207226X (pbk. : alk. paper)
|
| 035 |
|
|
|a (OCoLC)ocm56365440
|
| 040 |
|
|
|a DLC
|c DLC
|d TXA
|d UtOrBLW
|
| 042 |
|
|
|a pcc
|
| 043 |
|
|
|a n-us---
|
| 049 |
|
|
|a TXAM
|
| 050 |
0 |
0 |
|a GV956.8.Q85
|b Q85 2004
|
| 082 |
0 |
0 |
|a 796.332/63
|2 22
|
| 100 |
1 |
|
|a Quirk, James P.
|
| 245 |
1 |
4 |
|a The ultimate guide to college football :
|b rankings, records, and scores of the major teams and conferences /
|c James Quirk.
|
| 264 |
|
1 |
|a Urbana :
|b University of Illinois Press,
|c [2004]
|
| 264 |
|
4 |
|c ©2004
|
| 300 |
|
|
|a xi, 491 pages :
|b illustrations ;
|c 29 cm.
|
| 336 |
|
|
|a text
|b txt
|2 rdacontent
|
| 337 |
|
|
|a unmediated
|b n
|2 rdamedia
|
| 338 |
|
|
|a volume
|b nc
|2 rdacarrier
|
| 490 |
1 |
|
|a Sport and society
|
| 505 |
0 |
|
|a A summary history of college football -- Records of division 1-a football teams -- Records of other major football teams -- Records of service teams during world war II -- Major college football conferences -- Records of bowl games -- All American teams (1883-2003) -- Player awards -- National rankings of teams (1883-2003) -- Changes in the rules of college football.
|
| 650 |
|
0 |
|a Football
|x Records
|z United States.
|
| 650 |
|
0 |
|a College sports
|x Records
|z United States.
|
| 830 |
|
0 |
|a Sport and society.
|
| 856 |
4 |
1 |
|3 Table of contents
|u http://www.loc.gov/catdir/toc/ecip0417/2004009450.html
|t 0
|
| 994 |
|
|
|a C0
|b TXA
|
| 948 |
|
|
|a cataloged
|b h
|c 2004/10/18
|d c
|e blrosas
|f 12:34:01 pm
|
| 999 |
|
|
|a MARS
|
| 999 |
f |
f |
|s 7bb35763-e5ec-308a-a945-7c0b0024b18f
|i e0254264-3ccd-3929-9c7f-be22eafa1d83
|t 0
|
| 952 |
f |
f |
|p ric
|a Texas A&M University
|b Rellis Campus
|c Joint Library Facility
|d Remote Storage
|t 0
|e GV956.8.Q85 Q85 2004
|h Library of Congress classification
|i unmediated -- volume
|m A14831382351
|
| 998 |
f |
f |
|a GV956.8.Q85 Q85 2004
|t 0
|l Remote Storage
|